Quan hệ họ hàng với việc dồn điền đổi thửa và sử dụng ruộng đất dưới góc nhìn vốn xã hội ở một làng Bắc Trung Bộ /

Kaydedildi:
Detaylı Bibliyografya
Yazar: Thomése, Fleur.
Diğer Yazarlar: Nguyễn Tuấn Anh
Materyal Türü: Makale
Dil:Vietnamese
Konular:
Etiketler: Etiketle
Etiket eklenmemiş, İlk siz ekleyin!
Thư viện lưu trữ: Thư viện Trường Đại học Đà Lạt
LEADER 00957nam a2200301 4500
001 DLU080062608
005 ##20080505
040 # # |a DLU  |b vie 
041 # # |a vie 
044 # # |a vn 
100 # # |a Thomése, Fleur. 
245 # # |a Quan hệ họ hàng với việc dồn điền đổi thửa và sử dụng ruộng đất dưới góc nhìn vốn xã hội ở một làng Bắc Trung Bộ /  |c Fleur Thomése, Nguyễn Tuấn Anh 
653 # # |a Hộ gia đình 
653 # # |a Quan hệ gia tộc 
653 # # |a Ruộng đất 
700 # # |a Nguyễn Tuấn Anh 
773 # # |t Nghiên cứu Gia đình và Giới  |g Số 4, 2007, tr. 3-16 
920 # # |a Phòng Tạp chí -- Trung tâm Thông tin - Thư viện Trường Đại học Đà Lạt 
933 # # |a VH 
933 # # |a XH 
994 # # |a DLU 
900 # # |a True 
911 # # |a Thái Thị Thanh Thủy 
925 # # |a G 
926 # # |a A 
927 # # |a BB 
980 # # |a Thư viện Trường Đại học Đà Lạt